[Event "SCCA Bulletin 21st Anniversary"]
[Site "SCCA Email"]
[Date "2001.06.01"]
[Round "?"]
[White "Pyrich, George D"]
[Black "Sprott, George R"]
[Result "1/2-1/2"]
[WhiteElo "2397"]
[BlackElo "2379"]
[PlyCount "97"]
[EventDate "2001.??.??"]
[Source "Chess Mail Ltd."]
[SourceDate "2003.04.28"]

1. d4 d5 2. c4 e6 3. Nc3 c6 4. Nf3 dxc4 5. a4 Bb4 6. e3 b5 7. Bd2 a5 8. Rb1 Bd7
9. Ne5 Nf6 10. Qf3 Ra7 11. Be2 O-O 12. O-O Nd5 13. e4 Nb6 14. Nxd7 Qxd7 15. Qg3
f5 16. Bf4 Na6 17. axb5 cxb5 18. exf5 exf5 19. Bf3 a4 20. Ne2 Nc7 21. Be5 Ncd5
22. Ra1 Rc8 23. Rfc1 Qf7 24. Rc2 Qg6 25. Qh3 Rf8 26. Nc3 Bxc3 27. bxc3 Qe6 28.
g3 Rd8 29. Qg2 a3 30. Qf1 f4 31. Qc1 fxg3 32. hxg3 Qf5 33. Bxd5+ Nxd5 34. Rca2
Rf8 35. Qe1 Rfa8 36. Bd6 Nf6 37. Rxa3 Rxa3 38. Rxa3 Re8 39. Be5 Ng4 40. Ra7
Nxe5 41. dxe5 Rxe5 42. Qd1 h6 43. Qd4 Qf6 44. Rd7 Kh7 45. Rd6 Qe7 46. Rd7 Qf6
47. Rd6 Qf5 48. Rd7 Qf6 49. Rd6 1/2-1/2

[Event "SCCA Bulletin 21st Anniversary"]
[Site "corr"]
[Date "2001.??.??"]
[Round "?"]
[White "Pyrich, George D"]
[Black "Mackintosh, Iain"]
[Result "1/2-1/2"]
[WhiteElo "2397"]
[BlackElo "2247"]
[PlyCount "38"]
[EventDate "2001.??.??"]
[Source "Chess Mail Ltd."]
[SourceDate "2003.04.28"]

1. c4 e5 2. Nc3 Nc6 3. g3 g6 4. Bg2 Bg7 5. Rb1 Nf6 6. b4 O-O 7. b5 Ne7 8. Nf3
d6 9. O-O a6 10. a4 axb5 11. axb5 Bg4 12. d3 Qd7 13. Bb2 Bh3 14. Qb3 Bxg2 15.
Kxg2 Qe6 16. Ra1 Nd7 17. Rxa8 Rxa8 18. Ra1 Rxa1 19. Bxa1 Nc5 1/2-1/2

[Event "SCCA Bulletin 21st Anniversary"]
[Site "corr"]
[Date "2001.??.??"]
[Round "?"]
[White "Pyrich, George D"]
[Black "Rawlings, Alan J C"]
[Result "1/2-1/2"]
[WhiteElo "2397"]
[BlackElo "2372"]
[PlyCount "64"]
[EventDate "2001.??.??"]
[Source "Chess Mail Ltd."]
[SourceDate "2003.04.28"]

1. b3 e5 2. Bb2 Nc6 3. e3 d5 4. Bb5 Bd6 5. c4 dxc4 6. bxc4 Bd7 7. Nf3 Qe7 8. c5
Bxc5 9. Bxc6 Bxc6 10. Nxe5 Bd5 11. O-O Nf6 12. d4 Bb4 13. f3 c6 14. e4 Be6 15.
Nc3 O-O 16. Qc2 Nd7 17. Nd3 Bd6 18. e5 Bc7 19. Ne4 Nb6 20. Bc3 Nd5 21. Bd2 Rab8
22. Ndc5 Bf5 23. Qb2 f6 24. exf6 Nxf6 25. Bg5 Qf7 26. Nxf6+ gxf6 27. Bh4 Bf4
28. Rfe1 Rbd8 29. Ne4 Qg7 30. Re2 Qh6 31. Bg3 Be3+ 32. Bf2 Bf4 1/2-1/2

[Event "SCCA Bulletin 21st Anniversary"]
[Site "corr"]
[Date "2001.??.??"]
[Round "?"]
[White "Pyrich, George D"]
[Black "Tatlow, Stephen"]
[Result "1/2-1/2"]
[WhiteElo "2397"]
[BlackElo "2342"]
[PlyCount "57"]
[EventDate "2001.??.??"]
[Source "Chess Mail Ltd."]
[SourceDate "2003.04.28"]

1. Nf3 Nf6 2. d4 d5 3. c4 dxc4 4. e3 Bg4 5. Bxc4 e6 6. h3 Bh5 7. Nc3 a6 8. g4
Bg6 9. Ne5 Nbd7 10. Nxg6 hxg6 11. Bf1 c6 12. Bg2 Qc7 13. Bd2 Be7 14. Qc2 O-O-O
15. O-O-O Kb8 16. Kb1 Nd5 17. Ne2 Bd6 18. Qa4 N5b6 19. Qb3 Nd5 20. e4 Nf4 21.
Nxf4 Bxf4 22. d5 Bxd2 23. Rxd2 Qb6 24. Qg3+ e5 25. dxc6 Qxc6 26. Rc1 Qb6 27.
Rcd1 Qc7 28. Rc2 Qb6 29. Rcd2 1/2-1/2

[Event "SCCA Bulletin 21st Anniversary"]
[Site "SCCA Email"]
[Date "2001.06.01"]
[Round "?"]
[White "Rawlings, Alan J C"]
[Black "Gurtovojs, Nikolajs"]
[Result "1/2-1/2"]
[WhiteElo "2372"]
[BlackElo "2213"]
[PlyCount "60"]
[EventDate "2001.??.??"]
[Source "Chess Mail Ltd."]
[SourceDate "2003.04.28"]

1. d4 d5 2. c4 c6 3. Nf3 Nf6 4. Nc3 e6 5. Bg5 Be7 6. e3 Nbd7 7. Qc2 Qa5 8. a3
dxc4 9. Bxc4 b5 10. Bd3 b4 11. Qa4 Qxa4 12. Nxa4 a5 13. O-O Ba6 14. Bxa6 Rxa6
15. Rfc1 Nd5 16. Bxe7 Kxe7 17. Nc5 Nxc5 18. Rxc5 bxa3 19. bxa3 Rc8 20. Rb1 f6
21. e4 Nb6 22. Kf1 Nd7 23. Rb7 Rb8 24. Rxb8 Nxb8 25. Nd2 Nd7 26. Rh5 h6 27. Ke2
a4 28. Nc4 c5 29. d5 exd5 30. exd5 Kf7 1/2-1/2

[Event "SCCA Bulletin 21st Anniversary"]
[Site "SCCA Email"]
[Date "2001.06.01"]
[Round "?"]
[White "Rawlings, Alan J C"]
[Black "Lennox, C Jonathan"]
[Result "1-0"]
[WhiteElo "2372"]
[BlackElo "2393"]
[PlyCount "89"]
[EventDate "2001.??.??"]
[Source "Chess Mail Ltd."]
[SourceDate "2003.04.28"]

1. d4 d5 2. c4 Nc6 3. Nf3 Bg4 4. cxd5 Bxf3 5. gxf3 Qxd5 6. e3 e5 7. Nc3 Bb4 8.
Bd2 Bxc3 9. bxc3 exd4 10. cxd4 Nge7 11. Qb3 Qxf3 12. Rg1 O-O 13. Rg3 Qd5 14.
Qxb7 Qd6 15. Bg2 Rab8 16. Qa6 Rb6 17. Qa4 f5 18. Qc4+ Kh8 19. Rc1 f4 20. Rh3
Qg6 21. Qc2 Rf5 22. Kf1 Qg4 23. Qe4 Rb2 24. Be1 Qe2+ 25. Kg1 h6 26. Rf3 Rxa2
27. Rxf4 Rxf4 28. Qxf4 Ng6 29. Qf7 Nce7 30. Bf3 Qb2 31. Rxc7 Qb1 32. Kg2 Nh4+
33. Kh3 Nxf3 34. Qxf3 Qxe1 35. Rxe7 Qf1+ 36. Kg3 Qg1+ 37. Qg2 Qxg2+ 38. Kxg2
Kg8 39. d5 Kf8 40. Rd7 a5 41. Ra7 a4 42. e4 a3 43. Kf3 Ra1 44. d6 a2 45. Ke2
1-0

[Event "SCCA Bulletin 21st Anniversary"]
[Site "SCCA Email"]
[Date "2001.06.01"]
[Round "?"]
[White "Rawlings, Alan J C"]
[Black "Marconi, Ralph P"]
[Result "1-0"]
[WhiteElo "2372"]
[BlackElo "2152"]
[Annotator "Rawlings,AJC"]
[PlyCount "61"]
[EventDate "2001.??.??"]
[Source "Chess Mail Ltd."]
[SourceDate "2003.04.28"]

1. d4 e6 2. c4 d5 3. Nc3 Be7 4. Nf3 Nf6 5. Bf4 O-O 6. e3 c5 7. dxc5 Bxc5 8. Qc2
Nc6 9. a3 Qa5 10. O-O-O Be7 11. h4 a6 12. Ng5 dxc4 (12... Rd8 {is critical})
13. Bxc4 b5 14. Nce4 g6 15. Bd6 $5 (15. Bb3 Bb7 16. Nxf6+ (16. h5 $2 Nxe4 17.
Nxe4 Rac8 $132) 16... Bxf6 17. Ne4 (17. Rd7 $2 Rac8 18. Rxb7 Ne5 $17) (17. Nxh7
$5 Kxh7 18. h5 $40) 17... Be5 $1 $13 {
1-0 Hjartarson,J-King,D/Winterthur 1996/CBM 55/[Hjartarson] (34)}) 15... Ne8 $1
(15... Nxe4 16. Bxe7 (16. Qxe4 Bxd6 17. Rxd6 (17. h5 Bxa3 $19) (17. Qxc6 Bxa3)
17... bxc4 18. Qxc6 Rb8 19. Qxc4 Bb7 20. Qd3 (20. Kb1 Bxg2 21. Rhd1 Qxa3) 20...
Bxg2 21. Rg1 (21. Rd1 h6 22. Ne4 (22. Rxe6 Rfc8+) 22... Qf5 $19) 21... Qc7+ 22.
Kb1 Bd5 23. Rxa6 Rfd8 $19) 16... Nxe7 (16... Nxf2 17. Bxf8 Nxd1 18. Bd3 $14)
17. Qxe4 $13) 16. Bxe7 {Crouch} (16. Bxe6 $5 {Nunn} 16... Nxd6 17. Nxd6 Bxe6
18. Nxe6 fxe6 19. Qxc6 b4 {is satisfactory for black, according to Crouch -
but he has overlooked a nuance at move 22.} 20. Nc4 (20. Qd7 bxa3 $1 (20...
Bxd6 21. Qxe6+) 21. Qxe6+ Kh8 22. Qxe7 a2 $1 $19 (22... axb2+ {Crouch} 23. Kb1
Qa1+ 24. Kc2 Qa4+ $13) 23. Kc2 Rxf2+ 24. Kd3 a1=Q 25. Rxa1 Rd2+ 26. Kc4 Qd5+ {
is mate in 6}) (20. a4 {Marconi} 20... Bxd6 21. Qxd6 Qf5 22. Qd3 Qxd3 23. Rxd3
Rac8+ $15) 20... Qf5 21. e4 Qf4+ 22. Kb1 Rac8 23. Qxe6+ Qf7 24. Qxf7+ Rxf7 {
with pressure on b2 - Crouch} 25. Nb6 Rb8 26. Nd5 bxa3 $132 27. Rd2 Bc5) 16...
Nxe7 17. Bb3 (17. h5 {leads with best play to a quick forced draw} 17... h6 (
17... bxc4 $4 18. hxg6 hxg6 19. Rh7 $18) 18. hxg6 hxg5 19. g7 (19. gxf7+ Rxf7
20. Qe2 Qc7 $1 $19) 19... Kxg7 20. Rh7+ Kxh7 21. Nxg5+ Kh6 22. Qh7+ Kxg5 23.
f4+ Kf6 24. Qh4+ Kg7 25. Rh1 Ng6 26. Qh6+ $11) 17... Ra7 18. Kb1 Rc7 19. Qd3
Rd7 20. Qe2 (20. Qc2 Rc7 $11) 20... Rxd1+ 21. Rxd1 Qb6 22. h5 (22. Qd3) 22...
f6 (22... h6 23. hxg6 hxg5 (23... fxg6 24. Nf3) 24. gxf7+ Rxf7 25. Qh5 Ng7 26.
Qxg5 $40) 23. hxg6 hxg6 {Black offers a draw} (23... Nxg6) (23... fxg5 24.
gxh7+ Kh8 25. Qh5 e5 26. Nxg5 Qg6+ 27. Qxg6 Nxg6 28. f3) 24. Nf3 $14 Bb7 25.
Qc2 Bd5 26. Bxd5 exd5 27. Nc5 Rf7 (27... Qd6 28. b4) 28. Nd4 Nd6 29. Nde6 Nc4
$2 (29... Ne4 $142) 30. Rxd5 $18 Nd6 $2 (30... Nxd5 $4 31. Qxg6+ Kh8 32. Qxf7 {
is a massacre}) (30... Nf5 $142) 31. Nd7 1-0

[Event "SCCA Bulletin 21st Anniversary"]
[Site "corr"]
[Date "2001.??.??"]
[Round "?"]
[White "Rawlings, Alan J C"]
[Black "Beecham, C Richard"]
[Result "0-1"]
[WhiteElo "2372"]
[BlackElo "2246"]
[PlyCount "74"]
[EventDate "2001.??.??"]
[Source "Chess Mail Ltd."]
[SourceDate "2003.04.28"]

1. d4 Nf6 2. c4 e6 3. Nc3 d5 4. Nf3 c6 5. Bg5 Be7 6. e3 Nbd7 7. Qc2 a6 8. Rd1
h6 9. Bh4 O-O 10. c5 b6 11. cxb6 Qxb6 12. Be2 Rb8 13. b3 c5 14. O-O cxd4 15.
Na4 Qb4 16. Rxd4 Qd6 17. Rdd1 e5 18. Qf5 Qb4 19. Rc1 Bd6 20. Qc2 Bb7 21. Rfd1
Rfc8 22. Qb1 Ne4 23. Rxc8+ Rxc8 24. Ne1 Nec5 25. f4 $5 (25. Nxc5 Nxc5 26. Bg3
Ne4 27. Nd3 Nxg3 $1 28. Nxb4 Nxe2+ 29. Kf1 Nc3 30. Qf5 Nxd1 31. Qd7 Bxb4 32.
Qxb7 Rc1 33. Ke2 Nc3+ 34. Kf3 e4+ 35. Kg3 a5 $19 {Beecham}) 25... g5 $1 26.
fxe5 Bxe5 27. Bf2 Ne4 28. Nd3 Qe7 29. Nxe5 Nxf2 30. Kxf2 Qxe5 31. g3 Qf6+ 32.
Kg1 Qe6 33. Qd3 Ne5 34. Qb1 Nc6 35. Kf2 Nb4 36. Bd3 d4 $1 37. e4 Nxd3+ 0-1

[Event "SCCA Bulletin 21st Anniversary"]
[Site "corr"]
[Date "2001.??.??"]
[Round "?"]
[White "Rawlings, Alan J C"]
[Black "Mackie, John J"]
[Result "1-0"]
[WhiteElo "2372"]
[BlackElo "2228"]
[PlyCount "107"]
[EventDate "2001.??.??"]
[Source "Chess Mail Ltd."]
[SourceDate "2003.04.28"]

1. d4 Nf6 2. c4 e6 3. Nc3 Bb4 4. f3 d5 5. a3 Bxc3+ 6. bxc3 c5 7. cxd5 Nxd5 8.
dxc5 Qa5 9. e4 Ne7 10. Be3 O-O 11. Qb3 Qc7 12. a4 Nec6 13. f4 Na5 14. Qa3 Nd7
15. Nf3 e5 16. f5 Nf6 17. Nd2 Bd7 18. Be2 Bc6 19. Bf3 h6 20. O-O Rad8 21. Rfe1
Rd7 22. Qb4 Rfd8 23. Nb1 a6 24. Na3 Ra8 25. Nb5 axb5 26. axb5 Rdd8 27. Reb1
Bxb5 28. Qxb5 Nc6 29. Qb2 Rxa1 30. Rxa1 Qd7 31. Rd1 Qc7 32. Rxd8+ Nxd8 33. Qb6
Qc8 34. g4 Nc6 35. h4 Nd7 36. Qb3 Nf8 37. g5 hxg5 38. Bh5 Nd8 39. Bxg5 Qxc5+
40. Kf1 Qd6 41. Bxd8 Qd3+ 42. Ke1 Qxd8 43. Bxf7+ Kh7 44. Qxb7 Qxh4+ 45. Kd1 Kh6
46. Qd5 Qh1+ 47. Kc2 Qh2+ 48. Kb3 Nh7 49. Qd8 Qf4 50. Bd5 Qg5 51. Qxg5+ Kxg5
52. c4 Nf6 53. c5 Ne8 54. Kb4 1-0

[Event "SCCA Bulletin 21st Anniversary"]
[Site "corr"]
[Date "2001.??.??"]
[Round "?"]
[White "Rawlings, Alan J C"]
[Black "Mackintosh, Iain"]
[Result "0-1"]
[WhiteElo "2372"]
[BlackElo "2247"]
[PlyCount "72"]
[EventDate "2001.??.??"]
[Source "Chess Mail Ltd."]
[SourceDate "2003.04.28"]

1. d4 d5 2. c4 dxc4 3. Nf3 c5 4. d5 Nf6 5. Nc3 e6 6. e4 exd5 7. e5 Nfd7 8. Bg5
Be7 9. Bxe7 Qxe7 10. Nxd5 Qd8 11. Qc2 Nb6 12. O-O-O Nxd5 13. Bxc4 O-O 14. Bxd5
Qe7 15. h4 h6 16. Qe4 Nc6 17. Kb1 Re8 18. Bxc6 bxc6 19. Rd2 Rb8 20. Rhd1 Qc7
21. Rc1 Qa5 22. Qe3 Be6 23. a3 Rb5 24. Rc3 Reb8 25. Kc1 Bf5 26. Re2 Qb6 27. Qd2
Qa6 28. Qd1 Rb3 29. Rxb3 Rxb3 30. Ne1 Qc4+ 31. Nc2 Rb7 32. Rd2 Qa2 33. b4 cxb4
34. axb4 a5 35. Rd8+ Kh7 36. g4 axb4 0-1

[Event "SCCA Bulletin 21st Anniversary"]
[Site "corr"]
[Date "2001.??.??"]
[Round "?"]
[White "Rawlings, Alan J C"]
[Black "Sprott, George R"]
[Result "1/2-1/2"]
[WhiteElo "2372"]
[BlackElo "2379"]
[PlyCount "96"]
[EventDate "2001.??.??"]
[Source "Chess Mail Ltd."]
[SourceDate "2003.04.28"]

1. d4 d5 2. c4 e6 3. Nc3 c6 4. e4 dxe4 5. Nxe4 Bb4+ 6. Bd2 Qxd4 7. Bxb4 Qxe4+
8. Be2 Na6 9. Bc3 Ne7 10. Bxg7 Rg8 11. Bf6 Rg6 12. Bc3 e5 13. Nf3 Rxg2 14. Qd3
Qxd3 15. Bxd3 Nc5 16. Bxh7 e4 17. Nd2 Nd3+ 18. Ke2 Nxf2 19. Rag1 Bg4+ 20. Ke3
Rxg1 21. Rxg1 Nd1+ 22. Kf4 Nxc3 23. Rxg4 Rd8 24. Nxe4 Nxe4 25. Bxe4 Rd4 26. Ke5
Rxc4 27. Bf3 Rc5+ 28. Kd4 Rb5 29. b3 Ng6 30. Ke3 Re5+ 31. Kd4 Re6 32. Re4 Ke7
33. Bg4 c5+ 34. Kd5 Rxe4 35. Kxe4 Kf6 36. Kd5 b6 37. Bd1 Ne7+ 38. Kd6 Nf5+ 39.
Kc6 Nd4+ 40. Kb7 b5 41. Kxa7 c4 42. Kb6 c3 43. Kc5 c2 44. Bxc2 Nxc2 45. a4 Na1
46. axb5 Nxb3+ 47. Kd5 Na5 48. b6 Kf5 1/2-1/2

[Event "SCCA Bulletin 21st Anniversary"]
[Site "SCCA Email"]
[Date "2001.06.01"]
[Round "?"]
[White "Sprott, George R"]
[Black "Greiner, Theodore J"]
[Result "1/2-1/2"]
[WhiteElo "2379"]
[BlackElo "2271"]
[PlyCount "95"]
[EventDate "2001.??.??"]
[Source "Chess Mail Ltd."]
[SourceDate "2003.04.28"]

1. d4 Nf6 2. Nf3 g6 3. Bg5 Bg7 4. Nbd2 O-O 5. c3 d5 6. e3 Nbd7 7. b4 c6 8. Be2
Re8 9. O-O e5 10. a4 h6 11. Bh4 a5 12. b5 c5 13. dxe5 Nxe5 14. Nxe5 Rxe5 15.
Rc1 b6 16. Bf3 Bb7 17. c4 g5 18. Bg3 Re7 19. Re1 Rc8 20. cxd5 Bxd5 21. Bxd5
Qxd5 22. Nc4 Re6 23. f3 Qa8 24. e4 Nh5 25. Bf2 Rd8 26. Qc2 Bd4 27. Rcd1 Qc8 28.
Ne3 Qb8 29. Nf5 Be5 30. Rxd8+ Qxd8 31. Rd1 Qb8 32. h3 Ng7 33. Ne3 Ne8 34. Nc4
Bf4 35. Be3 Bh2+ 36. Kh1 Bg3 37. Bc1 Be5 38. Nxe5 Qxe5 39. Bb2 Qc7 40. Qc3 f6
41. Qc4 Qe7 42. Rd5 Nd6 43. Qd3 Kg7 44. Bc3 Nf7 45. Kg1 Rd6 46. Kf2 Qe6 47. Bb2
Qe7 48. Bc3 1/2-1/2

[Event "SCCA Bulletin 21st Anniversary"]
[Site "SCCA Email"]
[Date "2001.06.01"]
[Round "?"]
[White "Sprott, George R"]
[Black "Gurtovojs, Nikolajs"]
[Result "1/2-1/2"]
[WhiteElo "2379"]
[BlackElo "2213"]
[PlyCount "44"]
[EventDate "2001.??.??"]
[Source "Chess Mail Ltd."]
[SourceDate "2003.04.28"]

1. d4 d5 2. Nf3 Nf6 3. e3 Bg4 4. c4 Bxf3 5. Qxf3 e6 6. Nc3 c6 7. Bd3 Nbd7 8.
O-O Be7 9. b3 g6 10. Bb2 O-O 11. Rfe1 Re8 12. Rad1 Qc7 13. e4 dxe4 14. Nxe4
Nxe4 15. Bxe4 f5 16. Bc2 Bf6 17. Re2 Rad8 18. b4 e5 19. c5 exd4 20. Bxd4 Bxd4
21. Rxd4 Nf6 22. Rxd8 Qxd8 1/2-1/2

[Event "SCCA Bulletin 21st Anniversary"]
[Site "corr"]
[Date "2001.??.??"]
[Round "?"]
[White "Sprott, George R"]
[Black "Beecham, C Richard"]
[Result "0-1"]
[WhiteElo "2379"]
[BlackElo "2246"]
[PlyCount "80"]
[EventDate "2001.??.??"]
[Source "Chess Mail Ltd."]
[SourceDate "2003.04.28"]

1. d4 f5 2. g3 Nf6 3. Bg2 d6 4. Nf3 g6 5. O-O Bg7 6. c3 O-O 7. Qb3+ Kh8 8. Ng5
d5 9. Bf4 Nc6 10. Nd2 a5 11. a4 b6 12. Rac1 e6 13. Ngf3 Ne4 14. c4 g5 15. cxd5
gxf4 16. dxc6 Nxd2 17. Nxd2 fxg3 18. hxg3 Qxd4 19. Nc4 Qg4 20. Rfd1 f4 21. gxf4
Ba6 22. e3 Rg8 23. f3 Qg3 24. Qc2 Bf6 25. Qf2 Qh3 26. Kf1 Qh5 27. Rd7 Rg6 28.
f5 exf5 29. Ke2 Bh4 30. Rh1 Bxc4+ 31. Kd2 Rh6 32. Qg1 Be6 33. Rd4 f4 34. Rxf4
Rd8+ 35. Rd4 Rxd4+ 36. exd4 Qf5 37. f4 Bb3 38. Qb1 Qxf4+ 39. Kc3 Bxa4 40. Qd3
Be7 0-1

[Event "SCCA Bulletin 21st Anniversary"]
[Site "corr"]
[Date "2001.??.??"]
[Round "?"]
[White "Sprott, George R"]
[Black "Lennox, C Jonathan"]
[Result "1-0"]
[WhiteElo "2379"]
[BlackElo "2393"]
[PlyCount "67"]
[EventDate "2001.??.??"]
[Source "Chess Mail Ltd."]
[SourceDate "2003.04.28"]

1. d4 d5 2. Nf3 Nc6 3. c4 Bg4 4. cxd5 Bxf3 5. gxf3 Qxd5 6. e3 e6 7. Nc3 Qh5 8.
Bd2 O-O-O 9. Be2 Nf6 10. Rc1 Bb4 11. a3 Ba5 12. b4 Bb6 13. Na4 Nxd4 14. Nxb6+
axb6 15. exd4 Rxd4 16. Qc2 Nd5 17. Be3 Rh4 18. Bxb6 Rxh2 19. Rg1 Qe5 20. Qc5
Kb8 21. Qd4 f6 22. Ba7+ Ka8 23. Qxe5 fxe5 24. Be3 h5 25. Kf1 h4 26. Rxg7 h3 27.
Kg1 Rg2+ 28. Rxg2 hxg2 29. Kxg2 Rg8+ 30. Kf1 Rh8 31. Ke1 Kb8 32. Kd2 Rd8 33.
Kc2 Rh8 34. Rg1 1-0

[Event "SCCA Bulletin 21st Anniversary"]
[Site "corr"]
[Date "2001.??.??"]
[Round "?"]
[White "Sprott, George R"]
[Black "Mackie, John J"]
[Result "1-0"]
[WhiteElo "2379"]
[BlackElo "2228"]
[PlyCount "59"]
[EventDate "2001.??.??"]
[Source "Chess Mail Ltd."]
[SourceDate "2003.04.28"]

1. d4 Nf6 2. Nf3 g6 3. Bg5 Bg7 4. Nbd2 d5 5. e3 O-O 6. Bd3 Nbd7 7. h3 c5 8. c3
b6 9. O-O Bb7 10. a4 Nh5 11. a5 c4 12. Bc2 a6 13. axb6 Nxb6 14. e4 f6 15. Bh4
Qd7 16. Re1 a5 17. exd5 Bxd5 18. Be4 Qc6 19. Qc2 Rfe8 20. Bxd5+ Nxd5 21. Ra4
Nb6 22. Ra3 a4 23. Qe4 Nd5 24. Qe2 Rec8 25. Rea1 Nhf4 26. Qd1 Nd3 27. Qc2 Rcb8
28. Rxa4 Rxa4 29. Qxa4 Nxb2 30. Qxc6 1-0

[Event "SCCA Bulletin 21st Anniversary"]
[Site "corr"]
[Date "2001.??.??"]
[Round "?"]
[White "Sprott, George R"]
[Black "Mackintosh, Iain"]
[Result "1/2-1/2"]
[WhiteElo "2379"]
[BlackElo "2247"]
[PlyCount "62"]
[EventDate "2001.??.??"]
[Source "Chess Mail Ltd."]
[SourceDate "2003.04.28"]

1. d4 e6 2. Nf3 d5 3. e3 Nf6 4. Bd3 c5 5. c3 Nc6 6. Nbd2 Bd6 7. O-O O-O 8. dxc5
Bxc5 9. e4 Bb6 10. Qe2 Qc7 11. e5 Nd7 12. Bxh7+ Kh8 13. Bc2 Ncxe5 14. h3 Kg8
15. Re1 Nxf3+ 16. Nxf3 Re8 17. Bg5 Nf8 18. Rad1 f6 19. Be3 Bxe3 20. Qxe3 Bd7
21. Rd4 Rec8 22. a3 Qb6 23. Qd2 Rc4 24. b3 Rxd4 25. cxd4 Rc8 26. Rc1 Rc6 27.
Bd1 Be8 28. Rc3 Rxc3 29. Qxc3 Qa6 30. a4 Bg6 31. Ne1 Qc6 1/2-1/2

[Event "SCCA Bulletin 21st Anniversary"]
[Site "corr"]
[Date "2001.??.??"]
[Round "?"]
[White "Sprott, George R"]
[Black "Marconi, Ralph P"]
[Result "1-0"]
[WhiteElo "2379"]
[BlackElo "2152"]
[PlyCount "87"]
[EventDate "2001.??.??"]
[Source "Chess Mail Ltd."]
[SourceDate "2003.04.28"]

1. d4 Nf6 2. Nf3 e6 3. e3 c5 4. c3 b6 5. Nbd2 Bb7 6. Bd3 d5 7. Ne5 Bd6 8. f4
Nbd7 9. Qf3 Qe7 10. O-O O-O 11. g4 Ne8 12. g5 f5 13. Qh5 Nxe5 14. fxe5 Bc7 15.
g6 hxg6 16. Qxg6 Bd8 17. Nf3 Qf7 18. Qg3 c4 19. Be2 Qh5 20. Rf2 b5 21. Rg2 Qh7
22. h4 Kf7 23. Ng5+ Bxg5 24. Qxg5 Rh8 25. h5 Nc7 26. Kf2 Rag8 27. b3 Qh6 28.
Ba3 Qxg5 29. Rxg5 Bc6 30. Bd6 Na8 31. a4 a6 32. axb5 Bxb5 33. bxc4 dxc4 34. Bf3
Nb6 35. e4 fxe4 36. Bxe4 Rh6 37. Bg6+ Rxg6 38. Rxg6 Nd5 39. Rf1 Re8 40. Ke2+
Kg8 41. h6 Nxc3+ 42. Ke1 Kh7 43. Rxg7+ Kxh6 44. Rg2 1-0

[Event "SCCA Bulletin 21st Anniversary"]
[Site "SCCA Email"]
[Date "2001.06.01"]
[Round "?"]
[White "Tatlow, Stephen"]
[Black "Milligan, Bernard"]
[Result "1-0"]
[WhiteElo "2342"]
[BlackElo "2435"]
[PlyCount "65"]
[EventDate "2001.??.??"]
[Source "Chess Mail Ltd."]
[SourceDate "2003.04.28"]

1. e4 e5 2. d4 exd4 3. c3 d5 4. exd5 dxc3 5. Nxc3 Nf6 6. Bb5+ c6 7. Qe2+ Be7 8.
dxc6 Nxc6 9. h3 Bd7 10. Nf3 a6 11. Bxc6 Bxc6 12. O-O O-O 13. Ne5 Qc7 14. Nxc6
bxc6 15. Bg5 Rfe8 16. Rfe1 Bd6 17. Qd3 Nd5 18. Nxd5 cxd5 19. Qxd5 h6 20. Bd2
Rad8 21. Rxe8+ Rxe8 22. Bc3 Qb6 23. Rd1 Bb4 24. Qb3 Re2 25. Bd4 Qa5 26. Be3
Re1+ 27. Rxe1 Bxe1 28. a3 Bd2 29. Bxd2 Qxd2 30. g3 g6 31. Qc3 Qd6 32. Kh2 f5
33. b4 1-0

[Event "SCCA Bulletin 21st Anniversary"]
[Site "SCCA Email"]
[Date "2001.06.01"]
[Round "?"]
[White "Tatlow, Stephen"]
[Black "Rawlings, Alan J C"]
[Result "1-0"]
[WhiteElo "2342"]
[BlackElo "2372"]
[PlyCount "119"]
[EventDate "2001.??.??"]
[Source "Chess Mail Ltd."]
[SourceDate "2003.04.28"]

1. e4 c6 2. d4 d5 3. f3 e6 4. Nc3 Bb4 5. Qd3 b6 6. Nge2 Ba6 7. Qe3 Ne7 8. Bd2
dxe4 9. fxe4 c5 10. d5 exd5 11. Nxd5 Bxd2+ 12. Qxd2 O-O 13. O-O-O Nbc6 14. Ng3
Qc8 15. Nf5 Nxf5 16. exf5 Bxf1 17. Rhxf1 $14 f6 18. g4 Qb7 19. Qg2 Qf7 20. Nf4
Rac8 21. Ne6 Rfe8 22. Kb1 Nd8 23. Nf4 Nc6 24. c3 b5 25. Rd5 Ne5 26. Ne6 Nc4 27.
Qh3 Nb6 28. Rd2 Nc4 29. Rd3 $16 b4 30. Rfd1 Ne5 31. Rd5 bxc3 32. Qxc3 c4 33. g5
$1 Qh5 34. Ka1 Kh8 35. h4 $1 Qg4 36. Rf1 Qe4 37. Rdd1 Rb8 38. h5 h6 39. gxf6
gxf6 40. Rg1 Re7 41. Qb4 $1 Ree8 42. Qd2 Ng4 43. Rxg4 $1 $18 Qxg4 44. Qxh6+ Kg8
45. Qc1 Qxf5 46. Rg1+ Kf7 47. Ng7 Qc5 48. Nxe8 Rxe8 49. h6 Rg8 50. Rh1 Qd4 51.
h7 Rh8 {Black's exposed K and inactive R give W the win} 52. Qc2 a5 53. Qh2 Qe4
54. Qc7+ Ke6 55. Rd1 {Black resigned} 55... Rxh7 56. Rd6+ Ke5 (56... Kf5 57.
Qxh7+) 57. Qc5+ Kf4 58. Rxf6+ Kg4 59. Qg1+ Kh5 60. Rf2 1-0

[Event "SCCA Bulletin 21st Anniversary"]
[Site "SCCA Email"]
[Date "2001.06.01"]
[Round "?"]
[White "Tatlow, Stephen"]
[Black "Sprott, George R"]
[Result "1/2-1/2"]
[WhiteElo "2342"]
[BlackElo "2379"]
[PlyCount "87"]
[EventDate "2001.??.??"]
[Source "Chess Mail Ltd."]
[SourceDate "2003.04.28"]

1. e4 e6 2. d3 c5 3. g3 Nc6 4. Bg2 g6 5. c3 Bg7 6. Nh3 Nge7 7. O-O O-O 8. Be3
b6 9. f4 d5 10. e5 Bb7 11. d4 cxd4 12. cxd4 Nf5 13. Bf2 Rc8 14. Nc3 f6 15. g4
Nfe7 16. exf6 Rxf6 17. Re1 Qd7 18. Qe2 Nd8 19. Rad1 Nec6 20. Be3 Rf8 21. Ng5
Nb4 22. Qd2 Nf7 23. Nxf7 Qxf7 24. a3 Nc6 25. b4 a6 26. Rc1 Nb8 27. a4 Nc6 28.
Ne2 Qe7 29. Rb1 Nd8 30. Bf2 Rc4 31. Rec1 Qd7 32. b5 axb5 33. Rxb5 Rxc1+ 34.
Nxc1 Qc7 35. Be3 Nc6 36. Rb1 Na5 37. Qe1 Nc4 38. Nd3 Ra8 39. Bf2 Qc6 40. Ra1
Qd7 41. Bf3 Qf7 42. Bd1 Ba6 43. Rb1 Re8 44. Kg2 1/2-1/2

[Event "SCCA Bulletin 21st Anniversary"]
[Site "corr"]
[Date "2001.??.??"]
[Round "?"]
[White "Tatlow, Stephen"]
[Black "Blair, David"]
[Result "1/2-1/2"]
[WhiteElo "2342"]
[BlackElo "2326"]
[PlyCount "49"]
[EventDate "2001.??.??"]
[Source "Chess Mail Ltd."]
[SourceDate "2003.04.28"]

1. e4 d6 2. d4 g6 3. Bg5 Bg7 4. Nc3 Nd7 5. Qd2 c5 6. Nge2 a6 7. f3 Ngf6 8.
O-O-O Qa5 9. dxc5 Qxc5 10. Be3 Qa5 11. Nd4 b5 12. Kb1 Ne5 13. a3 Bb7 14. g4 Rc8
15. Be2 Qc7 16. Bh6 Bxh6 17. Qxh6 Qc5 18. Rhf1 Nc4 19. Bxc4 bxc4 20. h4 Rb8 21.
h5 Bc8 22. hxg6 fxg6 23. Rfe1 Qb6 24. Qc1 e5 25. Nde2 1/2-1/2

[Event "SCCA Bulletin 21st Anniversary"]
[Site "corr"]
[Date "2001.??.??"]
[Round "?"]
[White "Tatlow, Stephen"]
[Black "Fordham Hall, Christopher M"]
[Result "1/2-1/2"]
[WhiteElo "2342"]
[BlackElo "2299"]
[PlyCount "38"]
[EventDate "2001.??.??"]
[Source "Chess Mail Ltd."]
[SourceDate "2003.04.28"]

1. e4 e5 2. d4 exd4 3. c3 dxc3 4. Bc4 cxb2 5. Bxb2 Qe7 6. Nc3 c6 7. Nge2 b5 8.
Bxb5 cxb5 9. Nd5 Qd8 10. Nd4 Nf6 11. O-O Nxd5 12. exd5 d6 13. Re1+ Be7 14. Rc1
Bd7 15. Nxb5 O-O 16. Nc7 Bg5 17. Qd4 Bf6 18. Qd2 Bg5 19. Qd4 Bf6 1/2-1/2